| 000 | 00379nam a22001457a 4500 | ||
|---|---|---|---|
| 005 | 20170406112608.0 | ||
| 008 | 170406b xxu||||| |||| 00| 0 eng d | ||
| 020 | _a978-81-219-0359-2 | ||
| 041 | _aeng | ||
| 100 |
_aDARA, DR. S.S. AND UMARE, DR. S.S. _93840 |
||
| 245 | _aA TEXTBOOK OF ENGINEERING CHEMISTRY | ||
| 260 |
_aNEW DELHI _bS. CHAND _c1986 |
||
| 300 | _a972 | ||
| 942 | _cBK | ||
| 999 |
_c5436 _d5434 |
||